000 00976cam a2200301 a 4500
999 _c530193
_d530193
001 16055505
003 NUST
005 20191014105923.0
008 100114s2011 enkab b 001 0 eng
010 _a 2010001122
020 _a9780415492881 (hardback)
020 _a9780415492898 (pbk.)
038 _aMSOHAIL
040 _aDLC
_cDLC
_dDLC
042 _apcc
050 0 0 _aHT166
_b.K588 2011
082 0 0 _a307.1216
_222
100 1 _aKnox, Paul L.
_923614
245 1 0 _aCities and design /
_cby Paul L. Knox.
260 _aLondon ;
_aNew York, NY :
_bRoutledge,
_c2011.
300 _axiii, 279 p. :
_bill., maps ;
_c24 cm.
504 _aIncludes bibliographical references (p. [251]-268) and index.
650 0 _aCity planning.
_9808
650 0 _aSustainable development.
_9442
906 _a7
_bcbc
_corignew
_d1
_eecip
_f20
_gy-gencatlg
942 _2ddc
_cBK